Celebrities With "K" Names by Picture - Statistics

General Stats
  • This quiz has been taken 125 times
  • The average score is 16 of 34
Answer Stats
Picture Answer % Correct
Keanu Reeves
92%
Katy Perry
88%
Kanye West
87%
Kim Kardashian
87%
Kylie Jenner
84%
Kevin Hart
81%
Khloe Kardashian
81%
Kristen Stewart
71%
Kate Winslet
69%
Kendall Jenner
69%
Kevin Spacey
65%
Kevin Bacon
56%
Kevin Costner
52%
Kirsten Dunst
50%
Kris Jenner
48%
Kendrick Lamar
47%
Kenny Rogers
43%
Katie Holmes
41%
Kevin James
40%
Kristen Bell
39%
Kim Basinger
34%
Katherine Hepburn
31%
Kathy Bates
31%
Kevin Jonas
27%
Kaley Cuoco
25%
Kevin Durant
22%
Kevin Smith
21%
Katie Couric
17%
Kevin Kline
15%
Kerry Washington
14%
Karen Gillan
12%
Kevin Sorbo
9%
Kevin Feige
6%
Kevin Conroy
2%
No matching quizzes found
Score Distribution
Percent of People with Each Score
Percentile by Number Answered
Your Score History
You have not taken this quiz